Histoire de ma vie

Αποθηκεύτηκε σε:
Λεπτομέρειες βιβλιογραφικής εγγραφής
Κύριος συγγραφέας: Marie, Queen, consort of Ferdinand I, King of Romania, 1875-1938
Μορφή: Βιβλίο
Γλώσσα:French
Δημοσίευση: Paris : Librairie Plon, 1937.
Θέματα:
Ετικέτες: Προσθήκη ετικέτας
Δεν υπάρχουν, Καταχωρήστε ετικέτα πρώτοι!

MARC

LEADER 00000nam a2200000 a 4500
001 1/126276
008 230310t1937####fr | ||| |||| ||fre||
040 |a GR-MyUa  |b gre  |c GR-MyUa  |e AACR2 
041 0 |a fre 
082 7 |a 923   |2 (23) 
100 0 |a Marie,   |c Queen, consort of Ferdinand I, King of Romania,   |d 1875-1938. 
245 1 0 |a Histoire de ma vie /   |c Marie Rein de Roumanie.  
260 |a Paris :   |b Librairie Plon,   |c 1937. 
300 |a τ.1 (374 σ.) :   |b φωτογρ. ;   |c 19 εκ.  
500 |a Το βιβλίο είναι από την προσωπική συλλογή των Μιχαήλ και Πέπας Αποστόλου, καθηγητή Γαλλικής γλώσσας της Εμπορικής Σχολής και δασκάλας της Προφυριάδας Σχολής αντίστοιχα.  
650 0 |a World War, 1914-1918  |y Romania. 
600 0 0 |a Marie,   |c Queen, consort of Ferdinand I, King of Romania,   |d 1875-1938. 
970 |a Γουβάλα  |b Βάσω  |z 10-03-2023